Find the Mystery U.S. City Using Color Clues - Statistics

General Stats
  • This quiz has been taken 1,771 times
  • The average score is 64 of 150
Answers on the Map
Answers color-coded by a green-red scale on the quiz's map according to % correct below.
 
Answer Stats
City % Correct
Chicago
79%
New York City
77%
Detroit
66%
Los Angeles
64%
Miami
64%
Milwaukee
56%
Indianapolis
55%
Denver
54%
Minneapolis - St. Paul
54%
Cleveland
51%
Dallas
51%
Atlanta
50%
Houston
50%
Seattle
50%
Boston
48%
Columbus
48%
Kansas City
48%
Austin
47%
Cincinnati
47%
Springfield
47%
Des Moines
46%
Madison
46%
Nashville
46%
Washington D.C.
46%
Honolulu
45%
Lansing
44%
Las Vegas
44%
Louisville
44%
Memphis
44%
Oklahoma City
44%
Phoenix
44%
San Francisco
44%
Omaha
43%
Philadelphia
43%
Portland
43%
Salt Lake City
43%
San Diego
43%
Jackson
42%
Lincoln
42%
New Orleans
42%
Orlando
42%
Pittsburgh
42%
Sacramento
42%
Tampa
42%
Akron
41%
Anchorage
41%
Baltimore
41%
Boise
41%
Buffalo
41%
Fort Wayne
41%
Lexington
41%
Little Rock
41%
Rockford
41%
San Antonio
41%
Tallahassee
41%
Toledo
41%
Tulsa
41%
Wichita
41%
Albany
40%
Albuquerque
40%
Ann Arbor
40%
Baton Rouge
40%
Birmingham
40%
Charleston
40%
Chattanooga
40%
Columbia
40%
Davenport
40%
Dayton
40%
Durham
40%
El Paso
40%
Grand Rapids
40%
Harrisburg
40%
Jacksonville
40%
Knoxville
40%
Mobile
40%
Montgomery
40%
Peoria
40%
Providence
40%
Raleigh
40%
Richmond
40%
San Jose
40%
Savannah
40%
South Bend
40%
Spokane
40%
Trenton
40%
Tucson
40%
Winston - Salem
40%
Allentown
39%
Antioch
39%
Asheville
39%
Atlantic City
39%
Augusta
39%
Bakersfield
39%
Barnstable
39%
Bonita Springs
39%
Bridgeport
39%
Canton
39%
Cape Coral
39%
Colorado Springs
39%
Concord
39%
Corpus Christi
39%
Denton
39%
Eugene
39%
Fayetteville
39%
Flint
39%
Fort Collins
39%
Fresno
39%
Greensboro
39%
Greenville
39%
Hartford
39%
Huntsville
39%
Indio
39%
Kissimmee
39%
Lafayette
39%
Lakeland
39%
Lancaster
39%
McAllen
39%
Mission Viejo
39%
Modesto
39%
Murrieta
39%
New Haven
39%
Ogden
39%
Oxnard
39%
Palm Bay
39%
Palm Coast
39%
Pensacola
39%
Port St. Lucie
39%
Poughkeepsie
39%
Provo
39%
Reading
39%
Reno
39%
Riverside - San Bernardino
39%
Rochester
39%
Round Lake Beach
39%
Santa Clarita
39%
Santa Rosa
39%
Sarasota
39%
Scranton
39%
Shreveport
39%
St. Louis
39%
Stockton
39%
Syracuse
39%
Victorville
39%
Virginia Beach
39%
Worcester
39%
Youngstown
39%
No matching quizzes found
Score Distribution
Percent of People with Each Score
Percentile by Number Answered
Your Score History
You have not taken this quiz